Fast-Paced Geography Quiz #2 - Statistics

General Stats
  • This quiz has been taken 27 times
  • The average score is 6 of 10
Answer Stats
Hint Answer % Correct
Largest Country by Population India
92%
Country sandwiched betweenChina and Russia Mongolia
92%
Country with the northernmostpoint (excl. Greenland) Canada
83%
Which cardinal direction is notpart of any country's name? West
83%
Country that is fully surrounding two countries Italy
79%
What do you call a personof Kazakhstan ethnicity? Kazakh
79%
Highest Population densitycountry Monaco
63%
Southernmost country in Europe(excl. overseas territories) Greece
50%
Island that India has deemedillegal to travel to North Sentinel Island
13%
Name of disputed land betweenEgypt and Sudan (hint:triangle) Hala'ib Triangle
8%
No matching quizzes found
Score Distribution
Percent of People with Each Score
Percentile by Number Answered
Your Score History
You have not taken this quiz